| 000 | 01226nam0a2200325 4500 | ||
|---|---|---|---|
| 001 | RU\NLR\BIBL_A\012086754 | ||
| 005 | 20190910105554.0 | ||
| 010 |
_a978-5-389-16000-2 _95000 |
||
| 021 |
_aRU _bКН-П-19-056378 _9КН-П-19-4054 |
||
| 035 | _a(NLR Aleph) 012086754 | ||
| 035 | _a(RuMoRGB)010052476 | ||
| 090 |
_a11833190 _c11833190 |
||
| 100 | _a20190904d2019 u y0rusy50 ca | ||
| 101 | 1 |
_arus _cita |
|
| 102 | _aRU | ||
| 105 | _ay|||z|||000ay | ||
| 200 | 1 |
_aУбить отца _e[роман] _fСандроне Дациери _g[перевод с итальянского Любови Карцивадзе] |
|
| 210 |
_aСанкт-Петербург _cАзбука _cАзбука-Аттикус _d2019 |
||
| 215 |
_a507, [2] с. _d22 |
||
| 225 | 1 | _aЗвезды мирового детектива | |
| 320 | _aДр. произведения авт. на 2-й с. | ||
| 333 | _a16+ | ||
| 686 | 1 | _aШ6(4Ит)67-446{Лх1609-60} | |
| 700 | 1 |
_7ca _8rus _aДациери _bС. _f1964- _gСандроне _9218948 _3RU\NLR\AUTH\770219004 |
|
| 942 | _cBOOK | ||
| 980 | _aNBR | ||
| 980 | _aNB | ||